000 00550nam a2200181Ia 4500
008 230921s9999||||xx |||||||||||||| ||und||
020 _a978-3-319-76553-2
041 _aEN
100 _aGillian G. Tan
245 0 _aPastures of Change
250 _a1st ed. 2018
260 _c2018
_bSpringer International Publishing
300 _b10
440 _aStudies in Human Ecology and Adaptation
856 _uhttps://doi.org/10.1007/978-3-319-76553-2
856 _uhttps://link.springer.com/openurl?genre=book&isbn=978-3-319-76553-2
942 _cEB
999 _c249016
_d249016